| 000 | 00974nam a2200229 a 4500 | ||
|---|---|---|---|
| 001 | 45020 | ||
| 003 | BD-RjUL | ||
| 005 | 20211209053941.0 | ||
| 008 | 160721s1967 ru a|||| |||| 00| 0 ben d | ||
| 035 | _a(BD-RjUL)45138 | ||
| 040 |
_aBD-RjUL _bben _cBD-RjUL |
||
| 041 | _aben | ||
| 082 |
_223 _a891.74 _bBEL 1967 |
||
| 100 | 1 |
_aবেক, আলেক্সান্দ্র _9137946 |
|
| 245 | 1 | 0 |
_aলকলামস্কয়ে সড়ক / _cআলেক্সান্দ্র বেক ; অনুবাদক, শুভময় ঘোষ |
| 260 |
_aমস্কো : _bবিদেশী ভাষায় সাহিত্য প্রকাশনালয়, _c১৯৬৭ |
||
| 300 |
_a৩৫১ পৃ. : _bচিত্র ; _c২১ সেমি. |
||
| 650 |
_aরাশিয়ান প্রবন্ধ _9127510 |
||
| 650 |
_aRussian Essay _9137947 |
||
| 700 |
_aঘোষ, শুভময়, অনুবাদক _9137948 |
||
| 942 |
_2ddc _cBK |
||
| 999 |
_c45020 _d45020 |
||